| 000 | 00958nam a22002657a 4500 | ||
|---|---|---|---|
| 001 | 5284 | ||
| 003 | FISKH | ||
| 005 | 20241122150404.0 | ||
| 008 | 241122b cb ||||| |||| 00| 0 eng d | ||
| 020 | _a9788120752757 | ||
| 040 |
_aFISKH _beng _cFISKH _dFISKH |
||
| 050 | _aFic | ||
| 082 | _a813.2 | ||
| 100 | _aCooper, Jame Fenimore | ||
| 245 |
_aThe Last of the Mohicans / _cby James Fenimore Cooper |
||
| 260 |
_aNew Delhi : _bSterling Publishers(P) LTD ; _c2005 . |
||
| 300 |
_a328 pages : _billustrations ; _c22 cm . |
||
| 490 |
_aGraded Readers _vLevel 6 |
||
| 505 | _aZ | ||
| 520 | _aThe Last of the Mohicans is an epic novel by James Fenimore Cooper, first published in January 1826. It was one of the most popular English-language novels of its time, and helped establish Cooper as one of the first world-famous American writers | ||
| 521 | 8 |
_a1270
_bLexile |
|
| 521 | 8 |
_aZ
_bRaz-Plus |
|
| 942 |
_2ddc _cBK _n0 |
||
| 999 |
_c5284 _d5284 |
||